Movies Quiz

Random Movies or DC Comics Quiz

Batman Movies Quiz Stats

 Plays Quiz Updated Aug 2, 2019

Score 0/10 Timer 01:00
14 Plays Today
Year Movie % Correct
1966/1989Batman
99.6%
2008The Dark Knight
94.5%
2005Batman Begins
89.9%
1997Batman & Robin
83.5%
2012The Dark Knight Rises
81.9%
1992Batman Returns
80.2%
1995Batman Forever
74.6%
2016Batman v Superman: Dawn of Justice
72.1%
2017*The LEGO Batman Movie
19.3%
1993*Batman: Mask of the Phantasm
16.2%

You're not logged in!

Compare scores with friends on all Sporcle quizzes.
OR
Log In

Sporcle TV

Today on Sporcle TV


Watch our educational content, quiz creation guides, and fun videos on Sporcle TV.

Show Comments

Extras

Top Quizzes Today


Score Distribution

Your Account Isn't Verified!

In order to create a playlist on Sporcle, you need to verify the email address you used during registration. Go to your Sporcle Settings to finish the process.

Report this User

Report this user for behavior that violates our Community Guidelines.

Details: